LEADER 01388nam0 2200337 450 001 000033680 005 20121107112859.0 010 $a978-0-470-09182-1 100 $a20121030d2004----km-y0itaa50------ba 101 0 $aeng 102 $aGB 200 1 $aEssentials of computational chemistry$etheories and models$fChristopher J. Cramer 205 $a2. ed 210 $aChichester$cWiley$d2004 215 $aXX, 596 p.$cill.$d25 cm. 606 1 $aChimica fisica$xModelli matematici 606 2 $aChimica fisica$xElaborazione dei dati 606 2 $aElaboratori elettronici$xImpiego in chimica 676 $a541.0285$v(22. ed.)$9Chimica fisica. Elaborazione dei dati. Applicazioni dell'elaboratore 700 1$aCramer,$bChristopher J.$0446168 801 0$aIT$bUniversità della Basilicata - B.I.A.$gRICA$2unimarc 912 $a000033680 996 $aEssentials of computational chemistry$996739 997 $aUNIBAS BAS $aSCIENZE CAT $aSTD083$b01$c20121030$lBAS01$h1003 CAT $aSTD083$b01$c20121030$lBAS01$h1004 CAT $aTTM$b30$c20121107$lBAS01$h1128 FMT Z30 -1$lBAS01$LBAS01$mBOOK$1BASA2$APolo Tecnico-Scientifico$2DID$BDidattica$3PTS.c2.p2.13$6111442$5S111442$820121030$f98$FConsultazione Z30 -1$lBAS01$LBAS01$mBOOK$1BASA2$APolo Tecnico-Scientifico$2DID$BDidattica$3PTS.c2.p2.13A$6111443$5T111443$820121030$f04$FPrestabile Didattica